Outsourcing La subcontratacin̤ especializada 2021 /

Detalles Bibliográficos
Autor principal: Martn̕ez Gutiřrez, Javier
Formato: eBook
Lenguaje:inglés
Publicado: Ciudad de Mx̌ico: Ediciones Fiscales ISEF, 2021
Materias:
Acceso en línea:Acceso restringido

MARC

LEADER 00000nam a22000007a 4500
005 20210906220719.0
007 cr|||| ||||
008 210906s2021 mx |||||s|||| 00||0 eng d
020 |a 978-368-726-475-0 
035 |a 34882 
040 |a vLex 
090 |c 12269  |d 12269 
100 1 |a Martn̕ez Gutiřrez, Javier 
245 1 0 |a Outsourcing  |h [Recurso electrn̤ico] :  |b La subcontratacin̤ especializada 2021 /  |c Javier Martn̕ez Gutiřrez 
256 |a Servicio en ln̕ea 
260 |a Ciudad de Mx̌ico:  |b Ediciones Fiscales ISEF,  |c 2021 
300 |a 1 recurso electrn̤ico 
500 |a El tema de subcontratacin̤ (identificado como Outsourcing), ha sido muy observado en nuestro Mx̌ico por las autoridades, el pasado 23 de abril de 2021 se reforma este tema en lo laboral, fiscal, de seguridad social, y puede tener repercusiones hasta de carc̀ter penal, que trae reglas nuevas que deberǹ observar quienes reciben los servicios de subcontratacin̤, contratantes; como los que los proporcionan, contratistas. De no cumplir pueden caer en cuantiosas multas, sanciones, infracciones, actualizacin̤, recargos y situaciones hasta de n̕dole penal, por lo que se recomienda conocer estos lineamientos para seguirlos de la mejor manera y evitar contingencias. El presente libro aborda los temas de esta reforma que serǹ t︢iles para cumplir con esta tarea. 
506 1 |a Disponible solo en los productos indicados  |d vLex Global  |d vLex Global (Academic Edition, excluding Law Schools)  |d vLex Global (U.S. Academic Edition, Law Schools)  |d vLex Global (U.S. Academic Edition, excluding Law Schools)  |d vLex Global (Academic Edition, Law Schools) 
650 0 4 |a Derecho Fiscal  |z Mx̌ico 
740 0 |a vLex Libros (Servicio en ln̕ea) 
856 4 0 |u https://app.vlex.com/#/sources/34882  |z Acceso restringido 
942 |c BOOK 
999 0 |a Tax Law